LEADER 01805nam a2200337 i 4500 001 000000237534 003 CaOOAMICUS 005 20150102000000.0 008 150102s2014 gw u000 u ger u 013 $a216439 020 $a978-3-451-02266-1 040 $aSeMil$bita 245 10$aGottes Wort in Menschenwort :$bdie eine Bibel als Fundament der Theologie /$cheraugegeben von Karl Kardinal Lehmann und Ralf Rothenbusch ; [mit Beiträgen von Franz Ansgar ... et al.]. 260 $aFreiburg ; Basel ; Wien :$bHerder,$c2014. 300 $a395 p. ;$c22 cm. 490 0 $aQuaestiones disputatae ;$v266 500 $aAtti del Congresso, Mainz, 23-25 maggio 2013. 650 4$aBibbia - Commentari, studi, critica, interpretazioni.$0(OLS)http://semarc/subject/783 650 4$aBibbia - Atti di congressi.$0(OLS)http://semarc/subject/17280 650 4$aBibbia - Saggi.$0(OLS)http://semarc/subject/4535 650 4$aConcilio Vaticano II <1962-1965> - Costituzioni dogmatiche . Dei Verbum - Recezione.$0(OLS)http://semarc/subject/12568 700 1 $aAnsgar, Franz <1959- >.$0(OLS)http://semarc/name/80932 700 1 $aRothenbusch, Ralf,$d<1966- >.$0(OLS)http://semarc/name/80931 700 1 $aLehmann, Karl,$c.$0(OLS)http://semarc/name/89176 830 0$aQuaestiones disputatae ;$v266.$0(OLS)http://semarc/title/436628 850 $aSeMil 852 $aSeMil$W1$xVenegono$y1$m2M I 618$j187880$B187880$CSeMilBibl$Z2$F198804 $81 961 $aSottoscrizione: Herder 996 $6020$a978-3-451-02266-1$9(OLS)http://semarc/number/242966 996 $6245$aGottes Wort in Menschenwort :$bdie eine Bibel als Fundament der Theologie$9(OLS)http://semarc/title/338533 996 $6260$aFreiburg ; Basel ; Wien :$bHerder$9(OLS)http://semarc/publisher/29643 LEADER 01431nam a2200289 i 4500 001 000000106607 003 CaOOAMICUS 005 20020718000000.0 008 020718s1997 it u000 u ita u 013 $a78801 020 $a88-215-3540-1 040 $aSeMil$bita 100 1 $aNegrisolo, Attilio.$0(OLS)http://semarc/name/44847 245 10$aPadre Pio :$bnella sua interiorità : Figlio di Maria, francescano, stigmatizzato, sacerdote, apostolo, guida spirituale /$cAttilio Negrisolo, Nello Castello, S.M. Manelli. 260 $aCinisello Balsamo :$bSan Paolo,$c1997. 300 $a285 p., [8] p. di tav. ;$c23 cm. 490 0 $aI protagonisti ;$v30 600 04$aPio : da Pietrelcina .$0(OLS)http://semarc/subject/470 700 1 $aManelli, Stefano M.$0(OLS)http://semarc/name/44849 700 1 $aCastello, Nello,$c.$0(OLS)http://semarc/name/44848 830 2$aI protagonisti ;$v30.$0(OLS)http://semarc/title/5908 850 $aSeMil 852 $aSeMil$W1$xVenegono$y1$m3H IV 250$j62724$B62724$CSeMilBibl$Z2$F75775 $81 961 $aLascito: Morandi don Domenico 996 $6020$a88-215-3540-1$9(OLS)http://semarc/number/87341 996 $6245$aPadre Pio :$bnella sua interiorità : Figlio di Maria, francescano, stigmatizzato, sacerdote, apostolo, guida spirituale$9(OLS)http://semarc/title/154633 996 $6260$aCinisello Balsamo :$bSan Paolo$9(OLS)http://semarc/publisher/30129